Quizz des nuls - Statistiques

Statistiques générales
  • Ce quiz a été pris 356 fois
  • Le résultat moyen est 6 sur 15
Statistiques - réponses
Question Réponse % Correct
Quel célèbre dictateur dirigea l’URSS du milieu des années 1920 à 1953 ? Staline
85%
Qui était le dieu de la guerre dans la mythologie grecque ? Arès
77%
Combien de jours compte une année bissextile ? 366
69%
Quel est l’impératif du verbe feindre à la première personne du pluriel ? Feignons
69%
En quelle année à été instaurer la Ve république 1958
58%
Quelle planète n'est pas tellurique ? Uranus
54%
Combien de pays y a t-il dans le monde ? 197
50%
Quel pays a remporté la coupe du monde de football en 2014 ? Allemagne
31%
Le plus petit homme du monde mesure ? 60cm
23%
Quelle est la hauteur du mont blanc 8848m
23%
La plus grande femme du monde mesure 2m36
19%
Quelle est la vitesse de la lumière 299 792 458 m/s
12%
L'homme le plus gros du monde pèse ? 560 kg
8%
Parmi ces pays lequel n'est pas de l'UE ? Norvège
8%
À quel écrivain attribue-t-on la rédaction de l’Illiade et l’Odyssée ? Virgile
4%
Aucun quiz correspondant
Distribution des résultats
% des personnes avec chaque résultat
Percentile par nombre de réponses
Votre historique - résultats
Vous n’avez pas pris ce quiz